| 000 | 00496 a2200169 4500 | ||
|---|---|---|---|
| 003 | NUST | ||
| 005 | 20231013100026.0 | ||
| 008 | 231013b ||||| |||| 00| 0 eng d | ||
| 082 |
_a909 _bSPE |
||
| 100 |
_aSpengler, Oswald. _917882 |
||
| 245 |
_aThe Decline of the west _cOswald,Spengler. |
||
| 260 |
_aIslamabad: _bNational Book Foundation, _c1971. |
||
| 300 |
_axxix , 414 p ; _bill : _c23 cm. |
||
| 500 | _aIncludes Index | ||
| 650 |
_a1.Civilization--History. _9118503 |
||
| 942 |
_cBK _k901 SPE _2ddc |
||
| 999 |
_c5081 _d5081 |
||